000 00428nam a2200157 i 4500
001 103853
003 ES-MaACL
005 20230906183446.0
007 t|
008 051118q1909 fr |||| | fre d
100 1 _aMesureur, André.
_980716
245 1 0 _aQuelques problemes d'assistance áa Paris /
_cAndré Mesureur.
260 _aTours :
_bE. Arrault,
_c[1909?]
300 _a278 p. ;
_c19 cm.
852 _aES-MaACL
_jG-631
999 _c103853
_d103853